000 01221nam a22003017a 4500
999 _c63653
_d63653
005 20240530110652.0
008 171214s2012 ua fkb f b 000 0 ara d
017 _a2012/3027
_bمصر . دار الكتب المصرية
020 _a9776182166
040 _aEG-CaGPL
082 0 4 _221
_a7.9.0214/
_bع ف
100 0 _aعبد الله عطية عبد الحافظ
245 1 2 _aالفن الساساني والبيزنطي /
_cعبد الله عطية عبد الحافظ .
250 _aط. 1
260 _aالقاهرة :
_bمكتبة دار النيل ،
_c2012 .
300 _a417 ص :
_bايض ، خرائط ؛
_c24 سم .
505 _aببليوجرافية : ص 333 - 336
650 0 7 _2qrmak
_aالدولة الساسانية
650 0 7 _2qrmak
_aالامبراطورية البيزنطية
650 0 7 _2qrmak
_aالفن المسيحي
650 0 7 _2qrmak
_aالفن البيزنطي
650 0 7 _2qrmak
_aالفن الساساني
650 0 7 _2qrmak
_aالعمارة المسيحية
650 0 7 _2qrmak
_aالفن
_xتاريخ ونقد
650 0 7 _2qrmak
_aالفن
_xتاريخ ونقد
_yالعصور الوسطى
942 _2ddc
_cBK